000
00301nam a2200121Ia 4500
008
191206s9999 xx 000 0 und d
020
_a
771091702
090
_a
PS8523A86T6
245
4
_a
The Tomorrow-Tamer: And other stories
260
_a
Macmillan
260
_c
c1963
300
_a
"vii, 243 p. 21 cm."
999
_c
17149
_d
17149